[Event "Int. Stuttgarter Stadtmeisterschaft A"]
[Site "Ditzingen"]
[Date "2018.05.11"]
[Round "4.5"]
[White "Jerie, Sven"]
[Black "Dudek, Richard"]
[Result "1/2-1/2"]
[WhiteElo "2078"]
[BlackElo "2231"]
[PlyCount "82"]
[EventDate "2018.??.??"]
[WhiteTeam "SG Ludwigsburg"]
[BlackTeam "SC Eppingen"]

1. e4 c6 2. d4 d5 3. Nd2 g6 4. c3 Bg7 5. h3 Nf6 6. e5 Nfd7 7. Ndf3 e6 8. Bd3 c5
9. Ne2 Nc6 10. O-O O-O 11. Be3 Qe7 12. Qd2 f6 13. exf6 Bxf6 14. Bh6 Re8 15.
Rae1 e5 16. dxe5 Ndxe5 17. Nxe5 Nxe5 18. Bb5 Rd8 19. Ng3 a6 20. Ba4 Qd6 21. Qe2
Bd7 22. Bxd7 Qxd7 23. Rd1 Qc6 24. Bf4 Re8 25. Qd2 Rad8 26. Rfe1 Nc4 27. Qc2 b5
28. b3 Nb6 29. Qc1 Rxe1+ 30. Rxe1 Re8 31. Rxe8+ Qxe8 32. Bg5 Bg7 33. Qd2 Qe5
34. Ne2 Nd7 35. Bf4 Qe4 36. Ng3 Qe6 37. Kh2 Nf6 38. Be3 Nd7 39. Bf4 Nb6 40. Be3
Qd6 41. Bf4 Qd7 1/2-1/2

[Event "Int. Stuttgarter Stadtmeisterschaft A"]
[Site "Ditzingen"]
[Date "2018.05.11"]
[Round "4.6"]
[White "Koepke, Christian"]
[Black "Maisch, Julian"]
[Result "1-0"]
[WhiteElo "2328"]
[BlackElo "2184"]
[PlyCount "103"]
[EventDate "2018.??.??"]
[WhiteTeam "SC Garching"]
[BlackTeam "SF Kornwestheim"]

1. e4 c5 2. Be2 e6 3. f4 d5 4. d3 dxe4 5. dxe4 Qxd1+ 6. Bxd1 Nc6 7. c3 Bd7 8.
Nf3 O-O-O 9. Be3 Nf6 10. Nbd2 Ng4 11. Bg1 Be7 12. h3 Nh6 13. Bc2 f6 14. O-O-O
Nf7 15. Bh2 Rhf8 16. Rhe1 e5 17. f5 g6 18. g4 h5 19. fxg6 hxg4 20. hxg4 Nh6 21.
Bb3 Bxg4 22. g7 Rg8 23. Bxg8 Rxg8 24. Rg1 Rxg7 25. Rg2 Rh7 26. Rh1 Bxf3 27.
Nxf3 Nf7 28. Re1 Nd6 29. Bg1 Rh3 30. Nd2 b6 31. Rh2 Rxh2 32. Bxh2 Nd8 33. Kc2
Ne6 34. b3 Bf8 35. Rf1 Bg7 36. Kd3 Kd7 37. Nc4 Nxc4 38. Kxc4 Kc6 39. Kd3 b5 40.
Kc2 Ng5 41. Rg1 Bh6 42. Rg4 Kd6 43. Bg1 Nh3 44. Rg8 Nxg1 45. Rxg1 a5 46. Kd3
Kc6 47. Rg6 Bg5 48. Rg8 Bh4 49. Rf8 Bg5 50. Re8 c4+ 51. bxc4 b4 52. Re6+ 1-0

[Event "Int. Stuttgarter Stadtmeisterschaft A"]
[Site "Ditzingen"]
[Date "2018.05.11"]
[Round "4.7"]
[White "Günther, Patrick"]
[Black "Ortmann, David"]
[Result "0-1"]
[WhiteElo "2072"]
[BlackElo "2322"]
[PlyCount "62"]
[EventDate "2018.??.??"]
[WhiteTeam "Elmshorner SC"]
[BlackTeam "SC Böblingen"]

1. d4 d5 2. c4 dxc4 3. Nf3 c6 4. e3 Be6 5. Nc3 Nf6 6. Ne5 b5 7. a4 b4 8. Nb1 c5
9. Nxc4 Nc6 10. dxc5 Qxd1+ 11. Kxd1 Ne4 12. Ke1 Nxc5 13. Nbd2 g6 14. b3 Bg7 15.
Bb2 O-O 16. Bxg7 Kxg7 17. f3 Rfd8 18. h4 Bxc4 19. Bxc4 Na5 20. Rb1 Rac8 21. h5
Nxc4 22. bxc4 a5 23. hxg6 hxg6 24. Rh4 Rd3 25. Ke2 Rcd8 26. Ne4 Nxa4 27. Ra1
Nc3+ 28. Kf1 (28. Kf2 Ra8 29. c5 b3 30. Nxc3 Rxc3 31. Rha4 Rc2+ 32. Kg3 Rxc5)
28... Ra8 29. c5 b3 30. Nxc3 Rxc3 31. Rha4 Rc2 0-1

[Event "Int. Stuttgarter Stadtmeisterschaft A"]
[Site "Ditzingen"]
[Date "2018.05.11"]
[Round "4.8"]
[White "Kabisch, Thilo"]
[Black "Seitz, Patrick"]
[Result "1-0"]
[WhiteElo "2315"]
[BlackElo "2038"]
[PlyCount "93"]
[EventDate "2018.??.??"]
[WhiteTeam "SK Schmiden/Cannstatt"]
[BlackTeam "SR Heuberg-Gosheim"]

1. e4 c5 2. Nf3 Nc6 3. d4 cxd4 4. Nxd4 Nf6 5. Nc3 e5 6. Ndb5 d6 7. Nd5 Nxd5 8.
exd5 Nb8 9. c4 Be7 10. Bd3 a6 11. Nc3 O-O 12. O-O f5 13. Kh1 f4 14. a3 Bf5 15.
b4 b6 16. Bb2 Nd7 17. Rc1 Rc8 18. Bxf5 Rxf5 19. Qd3 Qf8 20. f3 g6 21. Ne4 Qh6
22. c5 Rh5 23. h3 bxc5 24. Qxa6 Rf8 25. bxc5 g5 26. c6 Nc5 27. Rxc5 dxc5 28.
Bxe5 g4 29. d6 Rxe5 30. dxe7 Rxe7 31. Qc4+ Qe6 32. Rc1 gxf3 33. gxf3 Rc8 34.
Qd5 Kh8 35. Qh5 Rxc6 36. Rd1 Rc8 37. Kh2 Qg6 38. Qh4 Rg7 39. Qf2 c4 40. Rd6 Qh5
41. Qd4 Qe8 42. h4 Qe7 43. Kh3 Re8 44. a4 Qe5 45. Qxe5 Rxe5 46. Rc6 Rd5 47.
Rc8+ 1-0

[Event "Int. Stuttgarter Stadtmeisterschaft A"]
[Site "Ditzingen"]
[Date "2018.05.11"]
[Round "4.9"]
[White "Leutwyler, Martin"]
[Black "Büter, Norbert"]
[Result "1-0"]
[WhiteElo "2193"]
[BlackElo "2032"]
[PlyCount "99"]
[EventDate "2018.??.??"]
[WhiteTeam "SF Gottmadingen"]
[BlackTeam "SpVgg Rommelshausen"]

1. d4 d6 2. Nf3 Nf6 3. c4 c6 4. Nc3 Nbd7 5. e4 e5 6. Be2 Be7 7. O-O O-O 8. Be3
Re8 9. d5 Qc7 10. Nd2 Bf8 11. a3 a6 12. Rc1 g6 13. b4 Bg7 14. c5 dxc5 15. bxc5
cxd5 16. Nxd5 Nxd5 17. exd5 Nf6 18. Nc4 Bf5 19. d6 Qc6 20. Qb3 Be6 21. Rb1 Qe4
22. f3 Qh4 23. Bf2 Qh5 24. Qxb7 Nd5 25. Nb6 Nf4 26. Rbe1 Rab8 27. Qc6 Bh3 28.
Bg3 Bxg2 29. Bxf4 exf4 30. Kxg2 Re5 31. Bc4 Rg5+ 32. Kh1 Rf8 33. Nd7 Bd4 34.
Qe4 Qh3 35. Rg1 Rxg1+ 36. Rxg1 Bxg1 37. Nf6+ Kg7 38. Kxg1 Kxf6 39. Qe7+ Kg7 40.
d7 Qxf3 41. Qxf8+ Kxf8 42. d8=Q+ Kg7 43. Qd4+ f6 44. Bd5 Qxa3 45. c6 Qd6 46.
Qa7+ Kh6 47. c7 Qxd5 48. c8=Q Qd1+ 49. Kg2 f5 50. Qf8+ 1-0

[Event "Int. Stuttgarter Stadtmeisterschaft A"]
[Site "Ditzingen"]
[Date "2018.05.11"]
[Round "4.10"]
[White "Scholtes, Benedikt"]
[Black "Latzke, Boris"]
[Result "1/2-1/2"]
[WhiteElo "2028"]
[BlackElo "2217"]
[PlyCount "51"]
[EventDate "2018.??.??"]
[WhiteTeam "SG Trier"]
[BlackTeam "SK Bebenhausen"]

1. c4 Nf6 2. Nc3 e6 3. d4 Bb4 4. Bd2 O-O 5. Nf3 b6 6. g3 Bb7 7. Bg2 d5 8. Ne5
c6 9. a3 Be7 10. cxd5 exd5 11. O-O Nbd7 12. Nd3 Re8 13. Re1 Nf8 14. b4 Ne6 15.
e3 Bf8 16. Qb3 Ng5 17. Rec1 Rc8 18. Ne5 Rc7 19. Rc2 Bd6 20. f4 Nge4 21. Nxe4
Nxe4 22. Bxe4 dxe4 23. Nc4 Bc8 24. Nxd6 Qxd6 25. Rac1 Be6 26. Qc3 1/2-1/2

[Event "Int. Stuttgarter Stadtmeisterschaft A"]
[Site "Ditzingen"]
[Date "2018.05.11"]
[Round "4.11"]
[White "Reindl, Arno"]
[Black "Degenhard, Simon"]
[Result "1/2-1/2"]
[WhiteElo "2028"]
[BlackElo "2189"]
[PlyCount "79"]
[EventDate "2018.??.??"]
[WhiteTeam "SG Schwäbisch Gmünd"]
[BlackTeam "Heilbronner SV"]

1. e4 c5 2. Nf3 g6 3. c4 Bg7 4. Be2 Nc6 5. O-O d6 6. Nc3 Nf6 7. d4 cxd4 8. Nxd4
Bd7 9. Be3 O-O 10. Rc1 Nxd4 11. Bxd4 Bc6 12. f3 a5 13. Nd5 Nd7 14. Bxg7 Kxg7
15. Qd4+ e5 16. Qd2 Bxd5 17. cxd5 Qb6+ 18. Kh1 Rac8 19. Bc4 Rc7 20. b3 Rfc8 21.
Rc2 Qc5 22. Rfc1 Qa3 23. h3 h5 24. Kh2 h4 25. Qf2 Nf6 26. Bb5 Rxc2 27. Rxc2
Rxc2 28. Qxc2 Qb4 29. a4 Nh5 30. Qc7 Qe1 31. Be8 Qg3+ 32. Kg1 Qe1+ 33. Kh2 Qg3+
34. Kg1 Nf4 35. Qxf7+ Kh6 36. Qf8+ Kh5 37. Qf5+ Kh6 38. Qf8+ Kh7 39. Qf7+ Kh6
40. Qf8+ 1/2-1/2

[Event "Int. Stuttgarter Stadtmeisterschaft A"]
[Site "Ditzingen"]
[Date "2018.05.11"]
[Round "4.12"]
[White "Cofmann, Veaceslav"]
[Black "Gheng, Simona"]
[Result "1-0"]
[WhiteElo "2183"]
[BlackElo "1974"]
[PlyCount "57"]
[EventDate "2018.??.??"]
[WhiteTeam "Karlsruher SF"]
[BlackTeam "SF Deizisau"]

1. d4 d5 2. c4 e6 3. Nc3 Nf6 4. Bg5 Be7 5. e3 h6 6. Bxf6 Bxf6 7. Nf3 O-O 8. Qc2
c6 9. h4 dxc4 10. g4 Be7 11. Bxc4 Qa5 12. g5 h5 13. g6 Qf5 14. Qxf5 exf5 15.
gxf7+ Kh7 16. Ne5 Nd7 17. Rg1 Nxe5 18. dxe5 b5 19. Bb3 a5 20. a3 a4 21. Ba2 b4
22. axb4 a3 23. O-O-O Bxb4 24. Ne2 c5 25. Rg5 axb2+ 26. Kb1 g6 27. Rd6 c4 28.
Rdxg6 Rxf7 29. Nf4 1-0

[Event "Int. Stuttgarter Stadtmeisterschaft A"]
[Site "Ditzingen"]
[Date "2018.05.11"]
[Round "4.13"]
[White "Döserich, Jürgen"]
[Black "Migl, Dieter"]
[Result "1/2-1/2"]
[WhiteElo "2010"]
[BlackElo "2170"]
[PlyCount "67"]
[EventDate "2018.??.??"]
[WhiteTeam "Schw. Pumpe Freiburg"]
[BlackTeam "Stuttgarter SF"]

1. d4 d5 2. c4 e6 3. Nc3 c5 4. cxd5 exd5 5. Nf3 Nc6 6. g3 Nf6 7. Bg2 Be7 8. O-O
O-O 9. dxc5 Bxc5 10. Bg5 d4 11. Bxf6 Qxf6 12. Nd5 Qd8 13. Nf4 Re8 14. Nd3 Bb6
15. Nd2 Bg4 16. Re1 Rc8 17. a3 Rc7 18. Rc1 Rce7 19. Bf1 h5 20. b4 h4 21. Nc4
hxg3 22. hxg3 Bc7 23. Qd2 Qd5 24. Ncb2 Bd6 25. Rc2 a6 26. Nc4 Bb8 27. Na5 Nxa5
28. bxa5 Bd6 29. Bg2 Qb3 30. Rb2 Qc3 31. Qxc3 dxc3 32. Rc2 Rc8 33. Nb4 Rc5 34.
Nd5 1/2-1/2

[Event "Int. Stuttgarter Stadtmeisterschaft A"]
[Site "Ditzingen"]
[Date "2018.05.11"]
[Round "4.14"]
[White "Scheynin, Julia"]
[Black "Gustain, Marc"]
[Result "1-0"]
[WhiteElo "1986"]
[BlackElo "2152"]
[PlyCount "83"]
[EventDate "2018.??.??"]
[WhiteTeam "Karlsruher SF"]
[BlackTeam "SF Deizisau"]

1. e4 c5 2. Nc3 a6 3. a4 e6 4. d3 d5 5. Bd2 Nc6 6. g3 Nf6 7. Bg2 Be7 8. f4 d4
9. Nce2 h5 10. h3 Qb6 11. b3 Bd7 12. Nf3 O-O-O 13. O-O Be8 14. Be1 Nh7 15. Nd2
f6 16. Nc4 Qc7 17. a5 Kb8 18. Bd2 Nf8 19. c3 dxc3 20. Bxc3 Nb4 21. Nc1 Bc6 22.
Qe2 Nd7 23. Na2 Bb5 24. Rfd1 h4 25. Be1 hxg3 26. Nxb4 cxb4 27. Bxg3 Bc5+ 28. d4
Ba7 29. Kh2 Ka8 30. Rac1 Nb8 31. Qf3 Qe7 32. d5 exd5 33. exd5 Rhe8 34. Re1 Qd7
35. Rxe8 Rxe8 36. f5 Qd8 37. Qg4 Nd7 38. Nd6 Be2 39. Qg6 Rf8 40. Rc8+ Qxc8 41.
Nxc8 Rxc8 42. Qxg7 1-0

[Event "Int. Stuttgarter Stadtmeisterschaft A"]
[Site "Ditzingen"]
[Date "2018.05.11"]
[Round "4.15"]
[White "Klings, Peter"]
[Black "Rohde, Patrick"]
[Result "1/2-1/2"]
[WhiteElo "2142"]
[BlackElo "1953"]
[PlyCount "46"]
[EventDate "2018.??.??"]
[WhiteTeam "Freibauer Mörlenbach"]
[BlackTeam "Elmshorner SC"]

1. Nf3 Nf6 2. c4 g6 3. Nc3 Bg7 4. d4 d5 5. Bg5 Ne4 6. Bh4 Nxc3 7. bxc3 dxc4 8.
Qa4+ Nd7 9. Qxc4 c5 10. e3 cxd4 11. exd4 O-O 12. Be2 Nb6 13. Qc5 Re8 14. O-O
Be6 15. Rfe1 Rc8 16. Qa3 Qc7 17. Rac1 a6 18. Bg3 Nc4 19. Qa4 Qa5 20. Qxa5 Nxa5
21. Bf4 Nc4 22. Ng5 Bd5 23. Bf3 Bxf3 1/2-1/2

[Event "Int. Stuttgarter Stadtmeisterschaft A"]
[Site "Ditzingen"]
[Date "2018.05.11"]
[Round "4.16"]
[White "Poysti, Nathanael"]
[Black "Hesse, Henrik"]
[Result "1-0"]
[WhiteElo "1977"]
[BlackElo "2109"]
[PlyCount "127"]
[EventDate "2018.??.??"]
[BlackTeam "SV Mattnetz Berlin"]

1. e4 g6 2. d4 Bg7 3. Nc3 d5 4. exd5 Nf6 5. Bb5+ Nbd7 6. Nf3 O-O 7. O-O Nb6 8.
Re1 Nbxd5 9. Nxd5 Nxd5 10. c3 Bf5 11. Bc4 c6 12. Bg5 f6 13. Bh4 Qd7 14. Bg3
Rae8 15. Qe2 g5 16. Rad1 Kh8 17. Nd2 Bc2 18. Rc1 Bg6 19. Bd3 Bf7 20. Bb1 Bh6
21. Rcd1 Nf4 22. Bxf4 gxf4 23. Qe4 Bg6 24. Qe6 Qxe6 25. Rxe6 Bf7 26. Re2 f3 27.
Nxf3 Bh5 28. Rde1 Rf7 29. Bf5 Rg7 30. Kh1 Bxf3 31. gxf3 e5 32. dxe5 fxe5 33.
Rxe5 Rxe5 34. Rxe5 Rc7 35. Kg2 Bf8 36. f4 Bd6 37. Re8+ Kg7 38. Kf3 Re7 39.
Rxe7+ Bxe7 40. Ke4 h6 41. Ke5 Kf7 42. h3 Bh4 43. Kd6 Bxf2 44. Kc7 b6 45. Kxc6
Be3 46. Kb7 Bxf4 47. Kxa7 Be3 48. Ka6 Ke7 49. Kb5 Kd6 50. Be4 Kc7 51. b4 h5 52.
a4 h4 53. c4 Bf2 54. a5 bxa5 55. Kxa5 Be1 56. c5 Bc3 57. Kb5 Bg7 58. Kc4 Bf6
59. b5 Be7 60. b6+ Kc8 61. Kb5 Bg5 62. Bf5+ Kb8 63. c6 Bf4 64. Kc4 1-0

[Event "Int. Stuttgarter Stadtmeisterschaft A"]
[Site "Ditzingen"]
[Date "2018.05.11"]
[Round "4.17"]
[White "Gabriel, Josef"]
[Black "Afonso, Nils"]
[Result "1-0"]
[WhiteElo "2106"]
[BlackElo "1911"]
[PlyCount "87"]
[EventDate "2018.??.??"]
[WhiteTeam "Stuttgarter SF"]
[BlackTeam "SF Kornwestheim"]

1. e4 c5 2. Nf3 d6 3. d4 cxd4 4. Nxd4 Nf6 5. Nc3 g6 6. Be2 Bg7 7. Be3 Nc6 8. h3
Bd7 9. g4 Qa5 10. Nb3 Qd8 11. Qd2 Rc8 12. Bh6 O-O 13. Bxg7 Kxg7 14. g5 Ne8 15.
O-O-O e5 16. h4 Be6 17. Nd5 Nc7 18. h5 a5 19. hxg6 fxg6 20. Nf6 h5 21. Bxh5
gxh5 22. Nxh5+ Kf7 23. g6+ Kxg6 24. Rdg1+ Kf7 25. Qh6 Ke8 26. Rg7 Bf7 27. Nf6+
Ke7 28. Nh7 Ne6 29. Qh4+ Ke8 30. Nf6+ Ke7 31. Rh7 Nb4 32. c3 Nxa2+ 33. Kb1 a4
34. Nd2 Nxc3+ 35. bxc3 Qb6+ 36. Ka2 Qd8 37. Rb1 Ng5+ 38. Ka1 Nxh7 39. Nxh7+ Ke8
40. Nf6+ Ke7 41. Rxb7+ Ke6 42. Nf3 Rc7 43. Rxc7 Qxc7 44. Nd5 1-0

[Event "Int. Stuttgarter Stadtmeisterschaft A"]
[Site "Ditzingen"]
[Date "2018.05.11"]
[Round "4.18"]
[White "Schönhof, Timo"]
[Black "Reuss, Andreas"]
[Result "1-0"]
[WhiteElo "1948"]
[BlackElo "2346"]
[PlyCount "47"]
[EventDate "2018.??.??"]
[WhiteTeam "SK Engen"]

1. e4 c6 2. d4 d5 3. exd5 cxd5 4. Bd3 Nc6 5. c3 Nf6 6. Bf4 Bg4 7. Qb3 Qd7 8.
Nd2 e6 9. Ngf3 Bxf3 10. Nxf3 Ne4 11. O-O Bd6 12. Bxd6 Nxd6 13. Rae1 O-O 14. Qd1
f6 15. Re3 Rae8 16. Rfe1 Qf7 17. Qc2 g6 18. Nh4 e5 19. dxe5 Nxe5 20. f4 Nec4
21. R3e2 Rxe2 22. Rxe2 Re8 23. Nf3 Ne4 24. Bxc4 1-0

[Event "Int. Stuttgarter Stadtmeisterschaft A"]
[Site "Ditzingen"]
[Date "2018.05.11"]
[Round "4.19"]
[White "Kuberczyk, Christoph"]
[Black "Froehlich, Franziska"]
[Result "1-0"]
[WhiteElo "2244"]
[BlackElo "1807"]
[PlyCount "51"]
[EventDate "2018.??.??"]
[WhiteTeam "SV Diag.Harburg"]
[BlackTeam "SC Weiße Dame Ulm"]

1. d4 d5 2. c4 e6 3. Nf3 c6 4. e3 Bd6 5. b3 Bb4+ 6. Nbd2 f5 7. Bd3 Nf6 8. O-O
O-O 9. Bb2 b6 10. Qc2 Ne4 11. Rfd1 Bb7 12. Rac1 Nd7 13. a3 Bd6 14. b4 c5 15.
bxc5 bxc5 16. cxd5 exd5 17. dxc5 Ndxc5 18. Nb3 Nxd3 19. Qxd3 f4 20. Rc2 fxe3
21. Qxe3 Rc8 22. Rxc8 Qxc8 23. Rc1 Qg4 24. h3 Qd7 25. Be5 Bxa3 26. Rc7 1-0

[Event "Int. Stuttgarter Stadtmeisterschaft A"]
[Site "Ditzingen"]
[Date "2018.05.11"]
[Round "4.20"]
[White "Meier, Desiderius"]
[Black "Lehmann, Stefan"]
[Result "1/2-1/2"]
[WhiteElo "2013"]
[BlackElo "1922"]
[PlyCount "85"]
[EventDate "2018.??.??"]
[WhiteTeam "SK Gräfelfing"]
[BlackTeam "Ssg Fils-Lauter"]

1. e4 e5 2. d4 exd4 3. Qxd4 Nc6 4. Qe3 g6 5. Nc3 Bg7 6. Bd2 Nge7 7. O-O-O O-O
8. g4 d5 9. Qg3 dxe4 10. Bf4 Bd7 11. Nxe4 Qc8 12. f3 Be6 13. Kb1 Rd8 14. Be2
Rxd1+ 15. Bxd1 Qd7 16. Ne2 Qd5 17. N2c3 Qa5 18. Bxc7 b6 19. Be2 Nd5 20. Nxd5
Qxd5 21. b3 Qa5 22. g5 Qa3 23. Nf6+ Bxf6 24. gxf6 Nb4 25. Bd1 Qxa2+ 26. Kc1
Qa1+ 27. Kd2 Qxf6 28. Qf4 Rd8+ 29. Ke2 Qxf4 30. Bxf4 Bf5 31. Bg5 Rd5 32. Bf6
Rd6 33. Bb2 Nxc2 34. Bxc2 Bxc2 35. Rc1 Bf5 36. Rc7 a5 37. Rb7 Rc6 38. Bd4 Kf8
39. Bxb6 Rc2+ 40. Ke3 Be6 41. Bxa5 Rxh2 42. Bc3 Ke8 43. Bf6 1/2-1/2

[Event "Int. Stuttgarter Stadtmeisterschaft A"]
[Site "Ditzingen"]
[Date "2018.05.11"]
[Round "4.21"]
[White "Schulte, Torsten"]
[Black "Wezel, Sebastian"]
[Result "1/2-1/2"]
[WhiteElo "2094"]
[BlackElo "1867"]
[PlyCount "84"]
[EventDate "2018.??.??"]
[WhiteTeam "SC Böblingen"]
[BlackTeam "SV Dettingen Erms"]

1. d4 Nf6 2. c4 g6 3. Nc3 Bg7 4. e4 d6 5. f4 c5 6. dxc5 Qa5 7. Bd3 Nfd7 8. Nge2
Nxc5 9. O-O Nc6 10. a3 Bg4 11. h3 Nxd3 12. Qxd3 Bxe2 13. Nxe2 O-O 14. Rb1 Qc7
15. Be3 b6 16. b4 Rfd8 17. Rfc1 Rab8 18. Nc3 Rb7 19. Nd5 Qb8 20. Qb3 e6 21. Nc3
Bf8 22. Rd1 Rbd7 23. Rd2 Qb7 24. Rbd1 Be7 25. f5 Bf6 26. fxe6 fxe6 27. Nb5 Be5
28. c5 bxc5 29. Qxe6+ Kg7 30. Nxd6 Bxd6 31. Rxd6 Rxd6 32. Rxd6 Rxd6 33. Qxd6
cxb4 34. axb4 Qxb4 35. Qd7+ Kg8 36. Qe6+ Kg7 37. Bf2 Nd8 38. Qd7+ Nf7 39. e5
Qb1+ 40. Kh2 Qf5 41. Qxa7 Qxe5+ 42. Bg3 Qd5 1/2-1/2

[Event "Int. Stuttgarter Stadtmeisterschaft A"]
[Site "Ditzingen"]
[Date "2018.05.11"]
[Round "4.22"]
[White "Zeiler, Klaus"]
[Black "Lahouel, Kim-Luca"]
[Result "0-1"]
[WhiteElo "2063"]
[BlackElo "1736"]
[PlyCount "83"]
[EventDate "2018.??.??"]
[WhiteTeam "SC Pfullendorf"]
[BlackTeam "Heilbronner SV"]

1. Nf3 d5 2. d4 Nf6 3. e3 e6 4. Bd3 c5 5. c3 Nc6 6. Nbd2 Be7 7. O-O O-O 8. Ne5
Nxe5 9. dxe5 Nd7 10. f4 Qb6 11. Rf3 f5 12. Rh3 Rd8 13. c4 Nf8 14. Qc2 g6 15. b3
Qc6 16. Bb2 b6 17. Rf1 a5 18. Be2 Ra7 19. Bf3 Qe8 20. g4 fxg4 21. Bxg4 h5 22.
Bxh5 gxh5 23. Rg3+ Kh8 24. cxd5 h4 25. Rg4 Rxd5 26. f5 Qh5 27. h3 Bg5 28. Nf3
Rg7 29. Kh1 exf5 30. Rg2 Ne6 31. Qxf5 Rd8 32. Nxg5 Rxg5 33. Qf6+ Kh7 34. Rxg5
Qxg5 35. Qf7+ Kh8 36. Rg1 Qh6 37. Qf6+ Qxf6 38. exf6 Bb7+ 39. Rg2 Bxg2+ 40.
Kxg2 Kg8 41. Kf3 Kf7 42. Be5 0-1

[Event "Int. Stuttgarter Stadtmeisterschaft A"]
[Site "Ditzingen"]
[Date "2018.05.11"]
[Round "4.23"]
[White "Zitzelsberger, Philipp"]
[Black "Faulhaber, Rolf"]
[Result "1/2-1/2"]
[WhiteElo "1912"]
[BlackElo "2065"]
[PlyCount "47"]
[EventDate "2018.??.??"]
[WhiteTeam "SC Weiße Dame Ulm e.V."]
[BlackTeam "SK Tauberbischofsheim"]

1. e4 e6 2. d4 d5 3. Nd2 Be7 4. Bd3 c5 5. dxc5 Nf6 6. Qe2 O-O 7. Ngf3 a5 8. O-O
Na6 9. e5 Nd7 10. c4 Ndxc5 11. Bb1 Nb4 12. Nd4 dxc4 13. Qxc4 b5 14. Qc3 Qb6 15.
Qh3 g6 16. N2f3 f5 17. Qh6 Rd8 18. Ne2 Bf8 19. Qh4 Nd5 20. Bh6 Ba6 21. Ng5 Ra7
22. Bxf8 Rxf8 23. Rd1 b4 24. Nd4 1/2-1/2

[Event "Int. Stuttgarter Stadtmeisterschaft A"]
[Site "Ditzingen"]
[Date "2018.05.11"]
[Round "4.24"]
[White "Jaster, Dirk"]
[Black "Wettengel, Alexander"]
[Result "0-1"]
[WhiteElo "1849"]
[BlackElo "2040"]
[PlyCount "94"]
[EventDate "2018.??.??"]
[WhiteTeam "SC Feuerbach"]
[BlackTeam "Stuttgarter SF"]

1. c4 Nc6 2. g3 e5 3. Bg2 Nf6 4. Nc3 Bb4 5. Nd5 a5 6. Nxb4 axb4 7. b3 O-O 8. e4
d6 9. h3 Nd4 10. Ne2 c5 11. O-O b5 12. d3 Ra7 13. Bd2 bxc4 14. dxc4 Bb7 15. Bg5
h6 16. Bxf6 Qxf6 17. Nc1 Qg6 18. Qg4 Bc8 19. Qd1 f5 20. Qd3 f4 21. f3 Qxg3 22.
Ne2 Nxe2+ 23. Qxe2 Bxh3 24. Rf2 Rf6 25. Kh1 Rg6 26. Bxh3 Qxh3+ 27. Rh2 Qe6 28.
Rd1 Ra6 29. Rd5 Ra7 30. Qd1 Rf7 31. Rdd2 Rff6 32. a4 bxa3 33. Qa1 Rg3 34. Rdg2
Rxf3 35. Qxa3 Rf1+ 36. Rg1 Rxg1+ 37. Kxg1 Qg4+ 38. Rg2 Qd1+ 39. Kh2 Qh5+ 40.
Kg1 f3 41. Qa8+ Kh7 42. Rh2 Qxh2+ 43. Kxh2 f2 44. b4 f1=Q 45. Qa2 Rf2+ 46. Qxf2
Qxf2+ 47. Kh1 cxb4 0-1

[Event "Int. Stuttgarter Stadtmeisterschaft A"]
[Site "Ditzingen"]
[Date "2018.05.11"]
[Round "4.25"]
[White "Döring, Stefan"]
[Black "Bueble, Joschua"]
[Result "1-0"]
[WhiteElo "1983"]
[BlackElo "1736"]
[PlyCount "49"]
[EventDate "2018.??.??"]
[WhiteTeam "SC Tamm"]
[BlackTeam "SV Stockenhausen-Frommern"]

1. e4 e6 2. d4 d5 3. Nc3 Bb4 4. e5 c5 5. a3 Bxc3+ 6. bxc3 Ne7 7. h4 b6 8. h5 h6
9. Qg4 Kf8 10. a4 Ba6 11. Ba3 Bxf1 12. Kxf1 Nd7 13. Ne2 Nc6 14. Nf4 Qe7 15. Rh3
Rh7 16. Rd1 Ke8 17. Qf3 Kd8 18. c4 Ndxe5 19. dxe5 Nxe5 20. Rxd5+ exd5 21. Qxd5+
Qd7 22. Qxa8+ Ke7 23. Re3 f6 24. Ng6+ Kf7 25. Qf8+ 1-0

[Event "Int. Stuttgarter Stadtmeisterschaft A"]
[Site "Ditzingen"]
[Date "2018.05.11"]
[Round "4.26"]
[White "Huels, Maximilian"]
[Black "Huels, Marco"]
[Result "1/2-1/2"]
[WhiteElo "1824"]
[BlackElo "2010"]
[PlyCount "42"]
[EventDate "2018.??.??"]
[WhiteTeam "SV Mattnetz Berlin"]
[BlackTeam "SV Mattnetz Berlin"]

1. d4 d5 2. f4 e6 3. e3 f5 4. Nf3 Nf6 5. Bd3 c6 6. c3 Bd6 7. Nbd2 O-O 8. O-O
Nbd7 9. Ne5 Bxe5 10. fxe5 Ne4 11. Bxe4 fxe4 12. b3 Rxf1+ 13. Qxf1 Qf8 14. Qxf8+
Nxf8 15. Ba3 b6 16. Rf1 Ba6 17. Rf2 Nd7 18. g3 c5 19. b4 c4 20. Nb1 b5 21. Kg2
Rf8 1/2-1/2

[Event "Int. Stuttgarter Stadtmeisterschaft A"]
[Site "Ditzingen"]
[Date "2018.05.11"]
[Round "4.27"]
[White "Denisow, Jewgeny"]
[Black "Speicher, Franz"]
[Result "1-0"]
[WhiteElo "2204"]
[BlackElo "1876"]
[PlyCount "71"]
[EventDate "2018.??.??"]
[WhiteTeam "SG Schwäbisch Gmünd"]
[BlackTeam "SV Dicker Turm Esslingen"]

1. e4 c6 2. d4 d5 3. e5 c5 4. c4 cxd4 5. Qxd4 e6 6. cxd5 Qxd5 7. Qxd5 exd5 8.
Nc3 Bb4 9. Bd2 Bxc3 10. Bxc3 Nc6 11. Bb5 a5 12. Bd4 Bd7 13. Bxc6 Bxc6 14. Nf3
Bb5 15. Rc1 Ne7 16. Rc7 Rc8 17. Rxb7 Ba6 18. Ra7 O-O 19. Rxa6 Rc1+ 20. Kd2 Rxh1
21. Bc5 Rb8 22. Bxe7 Rxb2+ 23. Kc3 Rb8 24. Rxa5 Rc8+ 25. Bc5 Rc1+ 26. Kd4 Rd1+
27. Ke3 h6 28. Bd4 Rd8 29. Ra7 Rb1 30. e6 f6 31. Kf4 Rbb8 32. Kf5 Ra8 33. Rd7
Rxd7 34. exd7 Kf7 35. Bb6 g6+ 36. Kf4 1-0

[Event "Int. Stuttgarter Stadtmeisterschaft A"]
[Site "Ditzingen"]
[Date "2018.05.11"]
[Round "4.28"]
[White "Cummings, Orlyn"]
[Black "Reck, Moritz"]
[Result "0-1"]
[WhiteElo "1883"]
[BlackElo "2134"]
[PlyCount "90"]
[EventDate "2018.??.??"]
[WhiteTeam "SK Schmiden/Cannstatt"]
[BlackTeam "TSV Schönaich"]

1. e4 g6 2. d4 Bg7 3. Nc3 d6 4. Be3 Nd7 5. Qd2 Ngf6 6. f3 c6 7. O-O-O Qa5 8.
Kb1 b5 9. g4 b4 10. Nce2 Nb6 11. Nc1 Na4 12. Nb3 Qb6 13. h4 h5 14. gxh5 Nxh5
15. Bc4 a5 16. Nh3 Qc7 17. Ng5 O-O 18. Bxf7+ Rxf7 19. Nxf7 Kxf7 20. Bh6 Nc3+
21. bxc3 bxc3 22. Qg5 Bf6 23. Qg2 Be6 24. Rhg1 Rg8 25. f4 Ke8 26. Qf3 a4 27.
Qxc3 axb3 28. axb3 c5 29. e5 Bxh4 30. exd6 exd6 31. Qe3 Kf7 32. Bg5 Bxg5 33.
fxg5 Bf5 34. dxc5 Re8 35. Qf3 Qxc5 36. Qd5+ Qxd5 37. Rxd5 Re2 38. Rc1 Ke6 39.
Ra5 Ng3 40. Ra8 Rd2 41. Rc8 Kd7 42. Rc4 d5 43. Rc5 Kd6 44. b4 Rd4 45. Rb5 Ne2
0-1

[Event "Int. Stuttgarter Stadtmeisterschaft A"]
[Site "Ditzingen"]
[Date "2018.05.11"]
[Round "4.29"]
[White "Schwab, Matthias"]
[Black "Kistler, Michael"]
[Result "1-0"]
[WhiteElo "2117"]
[BlackElo "1848"]
[PlyCount "79"]
[EventDate "2018.??.??"]
[WhiteTeam "SC Böblingen"]
[BlackTeam "VfL Sindelfingen"]

1. Nf3 Nf6 2. c4 g6 3. Nc3 Bg7 4. e4 d6 5. d4 O-O 6. Be2 e5 7. d5 a5 8. Bg5 Na6
9. Nd2 h6 10. Be3 Nc5 11. O-O Nfd7 12. b3 f5 13. f3 Nf6 14. a3 Na6 15. b4 g5
16. c5 Qe7 17. cxd6 cxd6 18. Nc4 Nd7 19. exf5 Nc7 20. bxa5 Rxf5 21. Ne4 Ne8 22.
Rc1 Rf8 23. Qb3 Rb8 24. Rfd1 Kh8 25. Qb4 Ndf6 26. Ba7 Nxe4 27. fxe4 b5 28. axb6
Rb7 29. Na5 Rxa7 30. Nc6 Qf6 31. Rf1 Qxf1+ 32. Rxf1 Rxf1+ 33. Bxf1 Rf7 34. a4
h5 35. a5 g4 36. Be2 Bh6 37. Qb3 Bd2 38. a6 Nf6 39. b7 Bxb7 40. axb7 1-0

[Event "Int. Stuttgarter Stadtmeisterschaft A"]
[Site "Ditzingen"]
[Date "2018.05.11"]
[Round "4.30"]
[White "Narr, Kevin"]
[Black "Handel, Oliver"]
[Result "1-0"]
[WhiteElo "2089"]
[BlackElo "1836"]
[PlyCount "49"]
[EventDate "2018.??.??"]
[BlackTeam "SF Kornwestheim"]

1. d4 Nf6 2. Nf3 e6 3. Bf4 c5 4. c3 b6 5. Nbd2 Bb7 6. e3 Be7 7. Bd3 d5 8. Ne5
Nbd7 9. Ndf3 O-O 10. Nxd7 Nxd7 11. h4 f5 12. g4 cxd4 13. Nxd4 Nc5 14. gxf5
Nxd3+ 15. Qxd3 exf5 16. Nxf5 Bf6 17. Nd6 Bc6 18. O-O-O Be7 19. Nf5 Qd7 20.
Nxe7+ Qxe7 21. h5 Rac8 22. h6 d4 23. hxg7 Be4 24. gxf8=Q+ Kxf8 25. Qxd4 1-0